Advaced Economic Theory/ (Record no. 175044)

MARC details
000 -LEADER
fixed length control field 00593nam a22001817a 4500
005 - DATE AND TIME OF LATEST TRANSACTION
control field 20200805142422.0
010 ## - LCCN (DPL NO)
LC control number ENG-128311
020 ## - INTERNATIONAL STANDARD BOOK NUMBER
Terms of availability 545.00
International Standard Book Number 9789352837335
035 ## - SYSTEM CONTROL NUMBER
System control number EN-111843
037 ## - SOURCE OF ACQUISITION
Source of stock number/acquisition DBAD/PUB
082 ## - DEWEY DECIMAL CLASSIFICATION NUMBER
Classification number 330.01
100 ## - MAIN ENTRY--PERSONAL NAME
Personal name Ahuja,H L
245 ## - TITLE STATEMENT
Title Advaced Economic Theory/
Statement of responsibility, etc by H L Ahuja
Remainder of title Microeconomic Analysis:
260 ## - PUBLICATION, DISTRIBUTION, ETC. (IMPRINT)
Place of publication, distribution, etc New Delhi
Name of publisher, distributor, etc S.Chand
Date of publication, distribution, etc 2019
270 ## - ADDRESS
Address Head Office:7361,Ram Nagar,Qutab Rord
City New Delhi
Postal code 110055
Telephone number 23672080
Fax number 91-11-23677446
Electronic mail address info@schandpublishing.com
300 ## - PHYSICAL DESCRIPTION
Extent xx;1347p.
Dimensions 24cm(pbk)
942 ## - ADDED ENTRY ELEMENTS (KOHA)
Source of classification or shelving scheme Dewey Decimal Classification
Item type English Books
Classification part 330.01
Call number suffix AHU
Holdings
Withdrawn status Lost status Not for loan Collection code Home library Current library Date acquired Source of acquisition Cost, normal purchase price Full call number Barcode Copy number Cost, replacement price Koha item type
      Non-fiction Central Library Central Library 05/08/2020 1 545.00 330.01 AHU EN-111843 1 545.00 English Books

© Delhi Public Library
Hit Counter
free hit counter